1912 1691 1123 1221 1906 1762 1523 1225 1007 1045 1747 1729 1239 1014 1890 1480 1332 1860 1049 1604 1646 1434 1544 1092 1667 1173 1443 1946 1344 1041 1474 1036 1692 1261 1978 1696 1231 1792 1790 1326 1022 1872 1401 1147 1776 1981 1710 1056 1914 1143 1183 1514 1969 1189 1190 1216 1015 1679 1905 1162 1013 1931 1159 1125 1305 1964 1107 1903 1784 1834 1608 1187 1137 1040 1692 1723 1345 1429 1641 1577 1824 1433 1017 1005 1429 1776 1890 1661 1830 1069 1904 1226 1446 1754 1210 1031 1871 1965 1802 BCNSPRNW ULIB Ver.6.0+V

เปลี่ยนเป็นภาษาไทย

Change to English
 แสดงรายละเอียดบรรณานุกรม
  กลับหน้าหลัก

Brief Record : Get Marc (ISO 2709) : E-mail record : QR code < ปิดหน้าต่าง
LEADER : 00000nam 2200000uu 4500
001    13399112933
003     ULIB
008    110919s2554||||th 000 0 tha d
020    9789744963901
060 04 WL39^bC977 2554
245 10 Current practical guide to stroke management /^cบรรณาธิการดิษยา รัตนากร ... [และคนอื่น ๆ]
250    พิมพ์ครั้งที่ 2
260    กรุงเทพฯ :^bสมาคม,^c2554
300    [10], 201 หน้า :^bภาพประกอบ ;^c24 ซม.
504    บรรณานุกรม
650  0 Cerebrovascular disease^vHandbooks, manuals, etc.
650  0 Cerebrovascular disease^vHandbooks, manuals, etc.
650  0 Cerebrovascular disease^xPatients^xCare^vHandbooks,manuals, etc.
650  2 Cerebrovascular disease
650  2 Stroke^xPractice Guideline
650  2 Stroke^xtherapy^vHandbooks
650  2 Stroke^xdiagnosis^vHandbooks
650  2 Stroke^xprevention & control
650  4 หลอดเลือดสมอง^xคู่มือ
650  4 หลอดเลือดสมอง,โรค^xคู่มือ
650  4 หลอดเลือดสมองผิดปกติ
653    ผลงานอาจารย์คณะแพทยศาสตร์ศิริราชพยาบาล
700 0  ดิษยา รัตนากร,^eบรรณาธิการ
700 0  ชาญพงค์ ตังคณะกุล,^eบรรณาธิการ
700 0  สามารถ นิธินันทน์,^eบรรณาธิการ
700 0  นิจศรี ชาญณรงค์ สุวรรณเวลา,^eบรรณาธิการ
700 0  สุชาติ หาญไชยพิบูลย์กุล,^eบรรณาธิการ
700 0  ยงชัย นิละนนท์,^eบรรณาธิการ
945    ^p350^l0^i030572
945    ^p350^l0^i030573
945    ^p350^l0^i030574
945    ^p350^l0^i030639
945    ^p350^l0^i030640
995    เกษร
999 ^a ใช้งานได้ทุกระบบ
รายการนี้ยังไม่มีแท็ก
คุณยังไม่ได้ล็อกอิน คุณสามารถมีกิจกรรมร่วมกับเว็บไซต์ได้ แต่ต้องล็อกอินก่อน ::
  ล็อกอิน

รายการสื่อสารสนเทศ

ลำดับที่ ประเภท เลขเรียก/บาร์โค้ด สถานที่ สถานะ
1. วิทยาศาสตร์การแพทย์ และสุขภาพ
หนังสือสำรอง
สถานะ=หนังสือสำรอง
WL39 C977 2554 ฉ.1 
  Barcode: 030572
ห้องสมุดวิทยาเขตสวรรค์ประชารักษ์
►ส่วนจัดเก็บหนังสือเก่า สปร
บนชั้น
  ขอยืม
2. วิทยาศาสตร์การแพทย์ และสุขภาพ
วิทยาศาสตร์การแพทย์ และสุขภาพ
WL39 C977 2554 ฉ.2 
  Barcode: 030573
ห้องสมุดวิทยาเขตสวรรค์ประชารักษ์
►ส่วนจัดเก็บหนังสือเก่า สปร
บนชั้น
  ขอยืม
3. วิทยาศาสตร์การแพทย์ และสุขภาพ
วิทยาศาสตร์การแพทย์ และสุขภาพ
WL39 C977 2554 ฉ.3 
  Barcode: 030574
ห้องสมุดวิทยาเขตสวรรค์ประชารักษ์
►ส่วนจัดเก็บหนังสือเก่า สปร
บนชั้น
  ขอยืม
4. วิทยาศาสตร์การแพทย์ และสุขภาพ
วิทยาศาสตร์การแพทย์ และสุขภาพ
WL39 C977 2554 ฉ.4 
  Barcode: 030639
ห้องสมุดวิทยาเขตสวรรค์ประชารักษ์
►ส่วนจัดเก็บหนังสือเก่า สปร
บนชั้น
  ขอยืม
5. วิทยาศาสตร์การแพทย์ และสุขภาพ
วิทยาศาสตร์การแพทย์ และสุขภาพ
WL39 C977 2554 ฉ.5 
  Barcode: 030640
ห้องสมุดวิทยาเขตสวรรค์ประชารักษ์
►ส่วนจัดเก็บหนังสือเก่า สปร
บนชั้น
  ขอยืม

รายการใกล้เคียง
    หัวเรื่อง [Cerebrovascular disease]
    หัวเรื่อง [หลอดเลือดสมองผิดปกติ]

BibComment


ยังไม่เคยถูกคอมเมนท์

คอมเมนท์ทรัพยากรรายการนี้
  คอมเมนท์: Current practical..


 Copyright 2026. Bcnsprnw @Library